| 000 | 00380nam a2200109Ia 4500 | ||
|---|---|---|---|
| 008 | 160909s9999 xx 000 0 und d | ||
| 100 | _aCompton, Ashley N. | ||
| 245 | _aFeminine Archetypes in Pornography: Something Showing Up as Missing | ||
| 260 |
_bPacifica Graduate Institute. _c2016 |
||
| 650 | _aPSYCHOLOGY | ||
| 856 | _uhttp://pqdtopen.proquest.com/doc/1779527012.html?FMT=ABS | ||
| 999 |
_c304095 _d304095 |
||